Basic probability theory for biomedical engineers: (Record no. 25985)

MARC details
000 -LEADER
fixed length control field 00550nam a22001817a 4500
005 - DATE AND TIME OF LATEST TRANSACTION
control field 20230714111701.0
008 - FIXED-LENGTH DATA ELEMENTS--GENERAL INFORMATION
fixed length control field 230714b |||||||| |||| 00| 0 eng d
020 ## - INTERNATIONAL STANDARD BOOK NUMBER
ISBN 9781598293821
082 ## - DEWEY DECIMAL CLASSIFICATION NUMBER
Classification number 519.2
Item number END-B
100 ## - MAIN ENTRY--AUTHOR
Author Name Enderle, John D
245 ## - TITLE STATEMENT
Title Basic probability theory for biomedical engineers:
Remainder of title Enderle, John D. (John Denis); Farden, David Charles; Krause, Daniel J.
260 ## - PUBLICATION, DISTRIBUTION, ETC.
Place of Publication USA
Name of publisher, distributor, etc. Morgan & Claypool
Date of publication, distribution, etc. 2006
300 ## - PHYSICAL DESCRIPTION
Pages 126
500 ## - GENERAL NOTE
General note Include Bib-lo graphy
650 ## - SUBJECT ADDED ENTRY--TOPICAL TERM
Subject / Department Engineering
700 ## - ADDED ENTRY--PERSONAL NAME
Personal name Enderle, John D
952 ## - LOCATION AND ITEM INFORMATION (KOHA)
-- 0
-- 0
Holdings
Lost status Damaged status Permanent Location Current Location Shelving Location Date acquired Full Call Number Accession No./Barcode Date last seen item type
    Superior Information Resource Center (SIRC) Superior University- Central Library Superior Information Resource Center (SIRC) Superior University- Central Library Engineering 07/14/2023 519.2 END-B 2006 20079 07/14/2023 BOOK

Powered by Koha